| 000 | 01180nam a2200229Ia 4500 | ||
|---|---|---|---|
| 001 | L230-6081 | ||
| 003 | IT-CnALBA | ||
| 008 | 170116s9999||||xx |||||||||||||| ||und|| | ||
| 040 |
_aIT-CnALBA _cIT-CnALBA |
||
| 041 | _aITALIANO | ||
| 100 | _aRABUT A. OLIVIER | ||
| 245 | 0 | _aONESTÀ NELLA FEDE. | |
| 250 | _a1a ed. | ||
| 260 |
_a BRESCIA _bMORCELLIANA EDITRICE _c1968 [1° Ed.:1968 - Ed.Ling.Originale: 1964] |
||
| 300 | _a82 p. | ||
| 500 | _aSPIRITUALITÀ NEL TEMPO DELL'INCERTEZZA. TRADUZIONE DAL FRANCESE DI STELLA GUIDO. DESIDERIO DI VERIFICA. PERCEZIONI RELIGIOSE ELEMENTARI. TRASCENDENZA DELLA REALTÀ TEMPORALE. FUOCO NUOVO. SCELTA DEL METODO. POSIZIONE DI PARTENZA. ANCORAGGIO DEFINITIVO ALLA | ||
| 501 | _aSocietà San Paolo EM - Piazza San Paolo, 14 - 12051 ALBA (CN) (non commercial uses only) ® Copyright 2017 | ||
| 520 | _aSPIRITUALITÀ NEL TEMPO DELL'INCERTEZZA. TRADUZIONE DAL FRANCESE DI STELLA GUIDO. DESIDERIO DI VERIFICA. PERCEZIONI RELIGIOSE ELEMENTARI. TRASCENDENZA DELLA REALTÀ TEMPORALE. FUOCO NUOVO. SCELTA DEL METODO. POSIZIONE DI PARTENZA. ANCORAGGIO DEFINITIVO ALLA | ||
| 650 | _aDOGMATICA CRISTIANA | ||
| 942 | _cBK | ||
| 957 | _71 | ||
| 999 |
_a7057 _bNO _g Copie: 1 _c265263 _d265263 |
||